000 00669nab a2200157 4500
003 ES-SlBCS
005 20230309165136.0
008 150218s2013 it ||||| |||| 00| 0 fre d
040 _aES-SlBCS
_bspa
100 1 _aRibeiro do Nascimento, Carlos Arthur
_9205532
245 1 2 _aL'universalité de la raison comme soubassement de la technique des "autorités" et de la technique des divisions dans la pensée médiévale
_cCarlos Arthur Ribeiro do Nascimento
600 0 0 _aTomás de Aquino,
_cSanto,
_d(1225-1274)
_xCrítica e interpretación
_91478
650 0 4 _aRazón
_985904
773 0 _gNº 51, 2013, págs. 93-98
_tSchede Medievali
_wRev415
_x0392-5404
942 _2lcc
_cAR
999 _c850943
_d850943